• 首页
  • 本馆介绍
  • 公告通知
  • 最新文献
  • 馆藏检索
  • 电子资源
  • 读者导购
  • 参考咨询
  • 我的图书馆
  • 登录
  • 详细信息显示
  • 放入我的书架
  • 预约/预借图书
  • 作者相关作品
  • 分类相关作品
  • 丛书相关作品
  • 出版社相关作品

书目信息

  • 表格格式
  • 工作单格式
  • 卡片格式
题名:
名犬图鉴
    
 
作者: 张海涛 主编
分册:  
出版信息: 南京   江苏科学技术出版社  2017
页数: 253页
开本: 21cm
丛书名: 图鉴珍藏丛书
单 册:
中图分类: S829.2-64
科图分类:
主题词: 犬--quan--驯养--图集
电子资源:
ISBN: 978-7-5537-5364-5
000 01164nam0 22002891 450
001 1760929852
005 20170619171932.0
010    @a978-7-5537-5364-5@dCNY39.80
100    @a20170424d2017 em y0chiy50 ea
101 0  @achi
102    @aCN@b320000
105    @aa z 001yy
106    @ar
200 1  @a名犬图鉴@9ming quan tu jian@f张海涛主编
210    @a南京@c江苏科学技术出版社@d2017
215    @a253页@d21cm
225 2  @a图鉴珍藏丛书@9tu jian zhen cang cong shu
300    @a含章·图鉴系列
314    @a张海涛,北辰动物医院院长、骨外科项目负责人,北京小动物诊疗行业协会会员,擅长小动物骨科、疑难外科手术以及犬猫老年运动障碍性疾病、兽医影像诊断以及吸入麻醉技术。
330    @a本书收集了160多种“人气宠物犬”,详细介绍了它们的基本常识,包括别名、寿命、主要用途、基本特征、性格特点、身高体重、喂养常识、饮食护理等,对人们最喜欢的犬类做了详细地介绍和讲解,加深人们对犬类的认识。
461  0 @12001 @a图鉴珍藏丛书
512 1  @a名犬图鉴@e167种“人气宠物犬”的特征习性
606 0  @a犬@9quan@x驯养@j图集
690    @aS829.2-64@v5
701  0 @a张海涛@9zhang hai tao@4主编
801  0 @aCN@b百万庄@c20170617
905    @b1013661-3@dS829.2-64@e137@f3
    
    名犬图鉴/张海涛主编.-南京:江苏科学技术出版社,2017
    253页;21cm.-(图鉴珍藏丛书)
    含章·图鉴系列
    
    ISBN 978-7-5537-5364-5:CNY39.80
    本书收集了160多种“人气宠物犬”,详细介绍了它们的基本常识,包括别名、寿命、主要用途、基本特征、性格特点、身高体重、喂养常识、饮食护理等,对人们最喜欢的犬类做了详细地介绍和讲解,加深人们对犬类的认识。
●
相关链接 在E读中查询图书 在五车中查询图书 在当当中查询图书 在豆瓣中查询图书


正题名:名犬图鉴     索取号:S829.2-64/137         预约/预借

序号 登录号 条形码 馆藏地/架位号 状态 备注
1 1013661   210136618   第二样本阅览室/ [索取号:S829.2-64/137] 在馆    
2 1013662   210136627   教育系资料室/ [索取号:S829.2-64/137] 在馆    
3 1013663   210136636   第三借阅区/ [索取号:S829.2-64/137] 在馆    
唐山师范学院图书馆 欢迎您!
大连网信软件有限公司© 版权所有